[Event "GER Seniors Derby 05th"]
[Site "Wesel Undeloh"]
[Date "2006.04.22"]
[Round "5"]
[White "Schmidt, Berthold"]
[Black "Hilse, Juergen"]
[Result "1/2-1/2"]
[WhiteElo "1528"]
[BlackElo "1476"]
[PlyCount "51"]
[EventDate "2006.04.20"]
[EventType "swiss"]
[EventRounds "7"]
[EventCountry "GER"]
[SourceTitle "EXT 2007"]
[Source "ChessBase"]
[SourceDate "2006.11.23"]
[SourceVersion "1"]
[SourceVersionDate "2006.11.23"]
[SourceQuality "1"]

1. d4 Nf6 2. Nf3 e6 3. g3 b6 4. Bg2 Bb7 5. 0-0 h6 6. c4 Be7 7. Nc3 d5 8. Bf4 Nbd7 9. Nb5 0-0 10. Rc1 c6 11. Nd6 Bxd6 12. Bxd6 Re8 13. Ne5 Nf8 14. Bxf8 Rxf8 15. Qd2 Qe7 16. f4 Nd7 17. Bh3 Nxe5 18. fxe5 Rfd8 19. cxd5 cxd5 20. Qf4 Rac8 21. Rxc8 Rxc8 22. Qd2 Qc7 23. Qb4 a5 24. Qe1 Qc2 25. Qf2 Rc7 26. e3 1/2-1/2

[Event "GER Seniors Derby 05th"]
[Site "Wesel Undeloh"]
[Date "2006.04.21"]
[Round "3"]
[White "Hilse, Juergen"]
[Black "Schmidt, Bernhard1111"]
[Result "0-1"]
[WhiteElo "1476"]
[BlackElo "1288"]
[PlyCount "60"]
[EventDate "2006.04.20"]
[EventType "swiss"]
[EventRounds "7"]
[EventCountry "GER"]
[SourceTitle "EXT 2007"]
[Source "ChessBase"]
[SourceDate "2006.11.23"]
[SourceVersion "1"]
[SourceVersionDate "2006.11.23"]
[SourceQuality "1"]

1. e4 Nf6 2. Nc3 e5 3. Bc4 Bb4 4. Nge2 0-0 5. 0-0 d6 6. h3 Be6 7. Bxe6 fxe6 8. d3 d5 9. exd5 exd5 10. Bg5 c6 11. a3 Be7 12. Ng3 h6 13. Bd2 Qc8 14. Nce2 Qe6 15. Qe1 Nbd7 16. Bc3 Bd6 17. b3 Rae8 18. Bb2 Nh5 19. Nxh5 Qg6 20. Nhg3 e4 21. Qd1 e3 22. Bd4 exf2+ 23. Bxf2 Be5 24. Rb1 Rf6 25. Nh1 Rf5 26. Neg3 Rg5 27. Be3 Rxg3 28. Nxg3 Qxg3 29. Bf4 Bxf4 30. Rxf4 Qxf4 0-1